01382cam a2200313 a 450000100090000000300040000900500170001300800410003001000170007102000180008802500340010603700530014004000180019304200150021104300120022605000230023808200170026110000320027824502090031026000350051930000210055450400640057565100420063990600450068194200400072695201500076695201350091699900170105117350393OSt20231103131557.0120618s2011 ii b 001 0 eng  a 2012335706 a9789380081106 aI-E-2012-335706; 65-13; 65-03 bLibrary of Congress -- New Delhi Overseas Office aDLCcDLCdDLC alcodeapcc aa-ii---00aDS484.2b.N35 2011 a915.4bNAI/A1 aNainar, S. Muhammad Husayn.10aArab geographers' knowledge of Southern India :bthe knowledge of India possessed by Arab geographers down to the 14th century A.D. with special reference to Southern India /cSyed Muhammad Husayn Nainar. aCalicut :bOther Books,c2011. a183 p. ;c24 cm. aIncludes bibliographical references (p. 169-170) and index. 0aIndia, SouthxDescription and travel. a7bcbccorigoded3encipf20gy-gencatlg 2ddccBKh915.4iNAI/Ak915.4mNAI/A 00102ddc40708HISTORYaMESbMEScISLd2024-01-03l2m4o915.4 NAI/Ap44314r2025-02-20 15:48:36s2025-02-04t2v450.00w2024-01-03yBKzGL47R4 00102ddc40708HISTORYaMESbMEScISLd2024-01-03l0o915.4 NAI/Ap44313r2024-01-03 13:27:56t1v450.00w2024-01-03yBKzGL47R4 c42784d42784